The Human use of human beings : (Record no. 415)

000 -LEADER
fixed length control field nam a22 a 4500
005 - DATE AND TIME OF LATEST TRANSACTION
control field 20170503160443.0
008 - FIXED-LENGTH DATA ELEMENTS--GENERAL INFORMATION
fixed length control field 170503b1950 xxu||||| |||| 00| 0 eng d
020 ## - INTERNATIONAL STANDARD BOOK NUMBER
International Standard Book Number 0380506823
040 ## - CATALOGING SOURCE
Original cataloging agency AKMAL
082 ## - DEWEY DECIMAL CLASSIFICATION NUMBER
Classification number 100 WIE
090 ## - LOCALLY ASSIGNED LC-TYPE CALL NUMBER (OCLC); LOCAL CALL NUMBER (RLIN)
Classification number (OCLC) (R) ; Classification number, CALL (RLIN) (NR) 100
Local cutter number (OCLC) ; Book number/undivided call number, CALL (RLIN) WIE
100 1# - MAIN ENTRY--PERSONAL NAME
Personal name Wiener, Norbert
Dates associated with a name 1894-1964.
9 (RLIN) 965
245 14 - TITLE STATEMENT
Title The Human use of human beings :
Remainder of title cybernetics and society.
Statement of responsibility, etc. NORBERT WIENER
260 ## - PUBLICATION, DISTRIBUTION, ETC.
Place of publication, distribution, etc. N.Y. :
Name of publisher, distributor, etc. Avon Books
Date of publication, distribution, etc. 1967.
300 ## - PHYSICAL DESCRIPTION
Dimensions cm
500 ## - GENERAL NOTE
General note Rep of 1950 Houghton Mifflin ed with Afterword by W.A. Rosenblith.
599 ## - LOCAL NOTE
Local Note DALAM PROSES
852 4# - LOCATION
Location British Library
Sublocation or collection DSC
942 ## - ADDED ENTRY ELEMENTS (KOHA)
Source of classification or shelving scheme
Koha item type Book
Holdings
Withdrawn status Lost status Source of classification or shelving scheme Damaged status Not for loan Collection code Home library Current library Shelving location Date acquired Inventory number Full call number Barcode Date last seen Price effective from Koha item type Public note
          NON-FICTION AKMAL Melaka AKMAL Melaka PINJAMAN 03.05.2017 000116 100 WIE 201701290 03.05.2017 03.05.2017 Book Dilupuskan. No. Fail. ARKIBMLK.600-6/9/1 Jld.8 ( )
Pusat Sumber Maklumat Dato' Haji Sarmin Md Hussin, Akademi Kastam Diraja Malaysia, Melaka
Tel: 06-2331106 | Faks: 06-2313787